[Event "14. Opent Internacional de Mislata"]
[Site "Mislata ESP"]
[Date "2006.08.26"]
[Round "5.11"]
[White "Alonso Moyano, Jonathan"]
[Black "Moreto Quintana, Alex"]
[Result "1-0"]
[WhiteElo "2372"]
[BlackElo "2138"]
[PlyCount "107"]
[EventDate "2006.08.23"]
[EventType "swiss"]
[EventRounds "9"]
[EventCountry "ESP"]
[Source "lmi"]
[SourceDate "2006.08.23"]

1. e4 e6 2. d4 d5 3. Nd2 Be7 4. Ngf3 Nf6 5. e5 Nfd7 6. Bd3 c5 7. c3 Nc6 8. O-O
g5 9. dxc5 g4 10. Nd4 Ncxe5 11. Bb5 Bxc5 12. Qe2 Qf6 13. f4 gxf3 14. N2xf3
Nxf3+ 15. Rxf3 Qe7 16. Kh1 a6 17. Ba4 b5 18. Bc2 Bb7 19. Be3 Bd6 20. a4 Ne5 21.
Rh3 b4 22. cxb4 Ng6 23. a5 Nf4 24. Ba4+ Kf8 25. Qf2 Qg5 26. Bxf4 Bxf4 27. Rf1
e5 28. Ne2 d4 29. Rg3 Qh4 30. Nxf4 Qxf4 31. Qxf4 exf4 32. Rxf4 Rc8 33. Rxd4 Rg8
34. Rxg8+ Kxg8 35. h4 Rc1+ 36. Kh2 Rb1 37. Rd2 Ra1 38. Bb3 Rf1 39. Bd5 Bxd5 40.
Rxd5 Rf4 41. b5 axb5 42. Rxb5 Rxh4+ 43. Kg3 Ra4 44. b4 Kg7 45. Rb6 f6 46. a6 h5
47. b5 h4+ 48. Kh3 Kg6 49. Rb7 Kg5 50. a7 Ra3+ 51. Kh2 Kf4 52. b6 h3 53. Rb8
hxg2 54. a8=Q 1-0

[Event "14. Opent Internacional de Mislata"]
[Site "Mislata ESP"]
[Date "2006.08.26"]
[Round "5.12"]
[White "Navarro Cia, Miguel"]
[Black "Martinez Piqueras, Carlos"]
[Result "1-0"]
[WhiteElo "2332"]
[BlackElo "2100"]
[PlyCount "51"]
[EventDate "2006.08.23"]
[EventType "swiss"]
[EventRounds "9"]
[EventCountry "ESP"]
[Source "lmi"]
[SourceDate "2006.08.23"]

1. e4 c5 2. Nf3 Nc6 3. d4 cxd4 4. Nxd4 e5 5. Nb5 d6 6. N1c3 a6 7. Na3 f5 8. Nc4
b5 9. Ne3 f4 10. Ned5 Be7 11. a4 b4 12. Na2 Nf6 13. Bc4 Na5 14. Nxf6+ Bxf6 15.
Bd5 Rb8 16. Bd2 b3 17. cxb3 Qb6 18. Bxa5 Qxa5+ 19. b4 Qb6 20. O-O Bd7 21. b3
Ke7 22. Rc1 g6 23. Qd3 Rhc8 24. Bc4 Be6 25. Bxe6 Kxe6 26. Rxc8 1-0

[Event "14. Opent Internacional de Mislata"]
[Site "Mislata ESP"]
[Date "2006.08.26"]
[Round "5.13"]
[White "Longa Yauca, Javier"]
[Black "Camacho Collados, Marcos"]
[Result "1-0"]
[WhiteElo "2311"]
[BlackElo "2098"]
[PlyCount "111"]
[EventDate "2006.08.23"]
[EventType "swiss"]
[EventRounds "9"]
[EventCountry "ESP"]
[Source "lmi"]
[SourceDate "2006.08.23"]

1. d4 Nf6 2. c4 g6 3. Nc3 d5 4. cxd5 Nxd5 5. e4 Nxc3 6. bxc3 Bg7 7. Bb5+ c6 8.
Ba4 O-O 9. Ne2 b5 10. Bb3 a5 11. O-O a4 12. Bc2 e5 13. Ba3 Re8 14. d5 cxd5 15.
Qxd5 Qxd5 16. exd5 Ba6 17. Rfe1 Nd7 18. Bb4 Rac8 19. Red1 Nf6 20. Ng3 Bb7 21.
d6 Red8 22. f3 Rd7 23. Be4 Bxe4 24. Nxe4 Nxe4 25. fxe4 Rc4 26. Rd5 Rxe4 27.
Rxb5 Bf8 28. Rd1 Kg7 29. Rb8 f5 30. Rc8 Kf7 31. c4 Bh6 32. a3 Be3+ 33. Kf1 Bg5
34. g3 Rd8 35. Rc7+ Ke6 36. c5 Rc4 37. h4 Bf6 38. Rxh7 Rd7 39. Rh6 Kf7 40. h5
gxh5 41. Rh7+ Ke6 42. Rxh5 f4 43. gxf4 Rxf4+ 44. Ke2 Rg7 45. Rh2 Kd7 46. Rd3
Rc4 47. Rf2 Bh4 48. Rh2 Bf6 49. Rc3 Re4+ 50. Kf1 Kc6 51. Rf3 Bh4 52. Re2 Reg4
53. Rxe5 Rc4 54. Ke2 Rg2+ 55. Kd3 Rcg4 56. Rh5 1-0

[Event "14. Opent Internacional de Mislata"]
[Site "Mislata ESP"]
[Date "2006.08.26"]
[Round "5.14"]
[White "Benavent Espí, Vicente"]
[Black "Huerga Leache, Mikel"]
[Result "0-1"]
[WhiteElo "2138"]
[BlackElo "2310"]
[PlyCount "52"]
[EventDate "2006.08.23"]
[EventType "swiss"]
[EventRounds "9"]
[EventCountry "ESP"]
[Source "lmi"]
[SourceDate "2006.08.23"]

1. e4 e6 2. d4 d5 3. Nc3 Bb4 4. Nge2 Nf6 5. e5 Ne4 6. a3 Nxc3 7. Nxc3 Bxc3+ 8.
bxc3 O-O 9. Bd3 f5 10. Qh5 c5 11. g4 Nc6 12. Rg1 cxd4 13. gxf5 Nxe5 14. Bh6
Nxd3+ 15. cxd3 Rf7 16. Bxg7 Rxg7 17. Rxg7+ Kxg7 18. O-O-O Qe7 19. f6+ Kxf6 20.
Qh4+ Kf7 21. Qh5+ Kf8 22. Rg1 Qxa3+ 23. Kb1 Qb3+ 24. Ka1 dxc3 25. Qh6+ Ke8 26.
Rg8+ Kd7 0-1

[Event "14. Opent Internacional de Mislata"]
[Site "Mislata ESP"]
[Date "2006.08.26"]
[Round "5.15"]
[White "Jose Iraeta, Alexandre"]
[Black "Navarro Díaz, Carles"]
[Result "1-0"]
[WhiteElo "2221"]
[BlackElo "2009"]
[PlyCount "43"]
[EventDate "2006.08.23"]
[EventType "swiss"]
[EventRounds "9"]
[EventCountry "ESP"]
[Source "lmi"]
[SourceDate "2006.08.23"]

1. e4 d6 2. d4 Nf6 3. Nc3 c6 4. Bg5 Nbd7 5. Qd2 e5 6. Nf3 Be7 7. Be2 O-O 8. O-O
Qb6 9. a3 a5 10. Rfd1 Rd8 11. h3 exd4 12. Qxd4 Qc7 13. Bf4 Ne8 14. Rd2 Bf6 15.
Qe3 Nc5 16. Bxd6 Nxd6 17. Qxc5 Bxc3 18. Qxc3 Nxe4 19. Qe5 Nd6 20. Rad1 f6 21.
Qf4 Be6 22. Rxd6 1-0

[Event "14. Opent Internacional de Mislata"]
[Site "Mislata ESP"]
[Date "2006.08.27"]
[Round "6.2"]
[White "Cruz Sanchez, Cristhian"]
[Black "Pallardo Lozoya, Jose Vte"]
[Result "1-0"]
[WhiteElo "2289"]
[BlackElo "2323"]
[PlyCount "160"]
[EventDate "2006.08.23"]
[EventType "swiss"]
[EventRounds "9"]
[EventCountry "ESP"]
[Source "lmi"]
[SourceDate "2006.08.23"]

1. d4 e6 2. c4 f5 3. g3 Nf6 4. Bg2 d5 5. Nh3 c6 6. O-O Bd6 7. Bf4 O-O 8. Nd2 b6
9. Rc1 a5 10. Re1 Ra7 11. e3 h6 12. Bxd6 Qxd6 13. Nf4 Nbd7 14. Qc2 Rc7 15. c5
bxc5 16. dxc5 Qe7 17. Ng6 Qe8 18. Nxf8 Nxf8 19. Qa4 Ra7 20. b4 Ba6 21. bxa5 Qa8
22. Qc2 N8d7 23. Nb3 Ne5 24. Red1 Nc4 25. Nd4 Bc8 26. Nxc6 Nxe3 27. fxe3 Qxc6
28. Qc3 Qc7 29. Qb4 Rb7 30. Qc3 Ra7 31. Rd2 Rxa5 32. Rb2 Ba6 33. c6 Kh7 34. Bf1
Ne4 35. Qd4 Bxf1 36. Rb7 e5 37. Qxe4 fxe4 38. Rxc7 Bh3 39. Re7 Rxa2 40. c7 d4
41. c8=Q Bxc8 42. Rxc8 Ra1+ 43. Kg2 d3 44. Rcc7 Kg6 45. Rc6+ Kh7 46. Rd6 Re1
47. Rxe5 Rxe3 48. Rd4 Re2+ 49. Kf1 Rxh2 50. Rexe4 Rh1+ 51. Kg2 Rd1 52. Re3 Rd2+
53. Kf3 Ra2 54. Rexd3 Ra7 55. Rd7 Ra6 56. Rc7 Rf6+ 57. Ke4 Re6+ 58. Kd5 Rg6 59.
Rc6 Rg4 60. Re6 Ra4 61. Kd6 Kg8 62. Ke7 Ra7+ 63. Rd7 Ra3 64. Rg6 Kh7 65. Rg4 h5
66. Rh4 Re3+ 67. Kf8 Kh6 68. Rxg7 Rf3+ 69. Rf7 Rxg3 70. Rf5 Rg5 71. Rf6+ Kh7
72. Kf7 Re5 73. Re6 Rf5+ 74. Ke7 Kg7 75. Kd6 Rg5 76. Re5 Kg6 77. Rd5 Kf6 78.
Rxh5 Rg1 79. Rhf5+ Kg6 80. Rf2 Ra1 1-0

[Event "14. Opent Internacional de Mislata"]
[Site "Mislata ESP"]
[Date "2006.08.27"]
[Round "6.3"]
[White "Torres Sanchez, Jose"]
[Black "Camacho Collados, Jose"]
[Result "1-0"]
[WhiteElo "2295"]
[BlackElo "2264"]
[PlyCount "121"]
[EventDate "2006.08.23"]
[EventType "swiss"]
[EventRounds "9"]
[EventCountry "ESP"]
[Source "lmi"]
[SourceDate "2006.08.23"]

1. d4 Nf6 2. c4 g6 3. Nc3 Bg7 4. Nf3 O-O 5. e4 d6 6. Be2 Na6 7. O-O e5 8. Be3
Ng4 9. Bg5 Qe8 10. h3 f6 11. Bc1 Nh6 12. Re1 Nf7 13. Bf1 Kh8 14. Rb1 Ng5 15.
Nxg5 fxg5 16. dxe5 Qxe5 17. Qd5 g4 18. Qxe5 dxe5 19. hxg4 Bxg4 20. b4 Rf7 21.
Be3 Bf8 22. c5 Be6 23. c6 Nxb4 24. cxb7 Rb8 25. a3 Nc6 26. Red1 Na5 27. Ba6 c5
28. Rb5 Nc4 29. Bxc5 Nxa3 30. Bxa3 Bxa3 31. Rdb1 Bc4 32. Nd5 Bxb5 33. Rxb5 Bd6
34. Kf1 Kg7 35. Ke2 Bc7 36. f3 Rd7 37. Nxc7 Rxc7 38. Rxe5 Rc6 39. Ra5 Rc2+ 40.
Kf1 h5 41. Kg1 Rc6 42. Kh2 Kf6 43. e5+ Ke7 44. Bd3 Rb6 45. Be4 R8xb7 46. Bxb7
Rxb7 47. Ra6 Kf7 48. f4 Re7 49. Kg3 g5 50. Kf3 Kg7 51. g3 Rb7 52. f5 Kf7 53.
Rf6+ Ke7 54. Rh6 Rb3+ 55. Ke4 Rxg3 56. Rxh5 Rc3 57. Rh7+ Kf8 58. f6 g4 59. e6
Kg8 60. Rg7+ Kf8 61. e7+ 1-0

[Event "14. Opent Internacional de Mislata"]
[Site "Mislata ESP"]
[Date "2006.08.27"]
[Round "6.4"]
[White "Navarro Cia, Miguel"]
[Black "Arizmendi Martinez, Julen"]
[Result "1/2-1/2"]
[WhiteElo "2332"]
[BlackElo "2542"]
[PlyCount "66"]
[EventDate "2006.08.23"]
[EventType "swiss"]
[EventRounds "9"]
[EventCountry "ESP"]
[Source "lmi"]
[SourceDate "2006.08.23"]

1. e4 g6 2. d4 Bg7 3. Nf3 d6 4. Bc4 Nf6 5. Qe2 O-O 6. e5 Ne8 7. h3 c5 8. c3
dxe5 9. dxe5 Nc7 10. O-O Ne6 11. Na3 Nc6 12. Re1 Qc7 13. Bd5 Rd8 14. Qe4 a6 15.
Nc4 Rb8 16. Bg5 Rxd5 17. Qxd5 b5 18. Na3 Bb7 19. Qd2 Nxe5 20. Nxe5 Bxe5 21.
Rad1 Qc6 22. f3 Bg3 23. Rf1 Qc7 24. Be3 Bc6 25. Nc2 Bh2+ 26. Kh1 Bf4 27. Bxf4
Nxf4 28. Qe3 Ba8 29. Rfe1 Nxh3 30. gxh3 Qg3 31. Rf1 Qxh3+ 32. Kg1 Qg3+ 33. Kh1
Qh3+ 1/2-1/2

[Event "14. Opent Internacional de Mislata"]
[Site "Mislata ESP"]
[Date "2006.08.27"]
[Round "6.5"]
[White "Longa Yauca, Javier"]
[Black "Komljenovic, Davor"]
[Result "0-1"]
[WhiteElo "2311"]
[BlackElo "2473"]
[PlyCount "62"]
[EventDate "2006.08.23"]
[EventType "swiss"]
[EventRounds "9"]
[EventCountry "ESP"]
[Source "lmi"]
[SourceDate "2006.08.23"]

1. d4 Nf6 2. Nf3 g6 3. g3 Bg7 4. Bg2 O-O 5. O-O d5 6. c4 dxc4 7. Na3 c3 8. bxc3
c5 9. Nc4 Nc6 10. Nfe5 Be6 11. Nxc6 bxc6 12. Ne5 Nd5 13. Qc2 Rc8 14. e4 Nb6 15.
dxc5 Bxe5 16. cxb6 Qxb6 17. Be3 c5 18. f4 Bd4 19. Bf2 Bxf2+ 20. Qxf2 Rcd8 21.
Rfd1 Qa5 22. f5 Bc8 23. Rxd8 Rxd8 24. Qe3 Ba6 25. Bf1 Bxf1 26. Rxf1 Qxa2 27.
fxg6 hxg6 28. Qxc5 Rd2 29. Qc8+ Kg7 30. Qh3 Qc4 31. Qh4 Qe2 0-1

[Event "14. Opent Internacional de Mislata"]
[Site "Mislata ESP"]
[Date "2006.08.27"]
[Round "6.6"]
[White "Huerga Leache, Mikel"]
[Black "Garcia Roman, Daniel"]
[Result "1-0"]
[WhiteElo "2310"]
[BlackElo "2438"]
[PlyCount "117"]
[EventDate "2006.08.23"]
[EventType "swiss"]
[EventRounds "9"]
[EventCountry "ESP"]
[Source "lmi"]
[SourceDate "2006.08.23"]

1. Nf3 Nf6 2. g3 c5 3. c4 g6 4. Bg2 Bg7 5. Nc3 Nc6 6. d4 cxd4 7. Nxd4 O-O 8.
O-O Qa5 9. Nb3 Qh5 10. Nd5 d6 11. Nf4 Qe5 12. Nd3 Qe6 13. Qc2 Ne5 14. c5 Nxd3
15. Qxd3 dxc5 16. Nxc5 Qb6 17. Na4 Qb4 18. Qb3 Qa5 19. Nc3 Qh5 20. Qb5 e5 21.
e4 a6 22. Qe2 Qxe2 23. Nxe2 Be6 24. Nc3 Rfd8 25. Bg5 Rd7 26. Rfd1 h6 27. Bxf6
Bxf6 28. Rxd7 Bxd7 29. Nd5 Bd8 30. Rd1 Bg4 31. Rd3 Kf8 32. Bf3 Be6 33. Bd1 Ba5
34. a3 Rc8 35. Kg2 Rc1 36. Ne3 Bb6 37. Bb3 Bd4 38. Bxe6 fxe6 39. b3 Ke7 40. h4
h5 41. Kf3 b5 42. Ke2 Ra1 43. Nc2 Ra2 44. Kd1 Bxf2 45. Kc1 Bd4 46. Kb1 Rb2+ 47.
Kc1 Ra2 48. b4 a5 49. bxa5 Kd6 50. a6 Kc7 51. Rb3 b4 52. Kb1 Rxc2 53. Kxc2 bxa3
54. Rxa3 Kb8 55. Kd3 Ka7 56. Kc4 Bb2 57. Ra2 Bd4 58. Kb5 Bc3 59. Rf2 1-0

[Event "14. Opent Internacional de Mislata"]
[Site "Mislata ESP"]
[Date "2006.08.27"]
[Round "6.7"]
[White "Galvan Huaraca, Jesus"]
[Black "Borges Mateos, Juan"]
[Result "0-1"]
[WhiteElo "2211"]
[BlackElo "2434"]
[PlyCount "80"]
[EventDate "2006.08.23"]
[EventType "swiss"]
[EventRounds "9"]
[EventCountry "ESP"]
[Source "lmi"]
[SourceDate "2006.08.23"]

1. d4 e6 2. c4 d5 3. Nc3 Be7 4. Nf3 Nf6 5. Bg5 O-O 6. e3 Nbd7 7. Rc1 a6 8. c5
c6 9. Be2 e5 10. O-O e4 11. Ne1 Ne8 12. Bxe7 Qxe7 13. Nc2 Nc7 14. f3 exf3 15.
Rxf3 Nf6 16. h3 Ne4 17. Nxe4 dxe4 18. Rf2 Be6 19. b3 f5 20. Qf1 Rf6 21. Bc4
Raf8 22. Bxe6+ Qxe6 23. Qe2 Nd5 24. Rcf1 g5 25. Na3 f4 26. Nc4 f3 27. gxf3 Qxh3
28. f4 gxf4 29. Rg2+ Rg6 30. Rxg6+ hxg6 31. Qg2 Qxg2+ 32. Kxg2 Nxe3+ 33. Nxe3
fxe3 34. Rd1 Rf2+ 35. Kg3 e2 36. Re1 e3 37. b4 Kf7 38. d5 cxd5 39. a4 Ke6 40.
b5 axb5 0-1

[Event "14. Opent Internacional de Mislata"]
[Site "Mislata ESP"]
[Date "2006.08.27"]
[Round "6.8"]
[White "Gonzalez Rodriguez, Jorge"]
[Black "Gonzalez Aguirre, Luis"]
[Result "1-0"]
[WhiteElo "2447"]
[BlackElo "2217"]
[PlyCount "67"]
[EventDate "2006.08.23"]
[EventType "swiss"]
[EventRounds "9"]
[EventCountry "ESP"]
[Source "lmi"]
[SourceDate "2006.08.23"]

1. b3 d5 2. e3 Nf6 3. Bb2 e6 4. Nf3 Be7 5. d4 O-O 6. Bd3 c5 7. dxc5 Bxc5 8.
Nbd2 Nc6 9. a3 b6 10. b4 Be7 11. c4 Bb7 12. O-O dxc4 13. Nxc4 b5 14. Nce5 Nxe5
15. Nxe5 a6 16. Qe2 Qd5 17. f3 Rac8 18. Rfd1 Qb3 19. e4 Rfd8 20. Rab1 Qa2 21.
Rd2 Nd7 22. Nxd7 Rxd7 23. Rbd1 Bg5 24. Rc2 Qb3 25. Rxc8+ Bxc8 26. g3 h6 27. h4
Be7 28. Kg2 Bb7 29. Kh3 Rd8 30. Rd2 Bc8 31. Kg2 Bb7 32. Rd1 Bf6 33. Bxf6 gxf6
34. Bc2 1-0

[Event "14. Opent Internacional de Mislata"]
[Site "Mislata ESP"]
[Date "2006.08.27"]
[Round "6.9"]
[White "Carbonell Bofill, Carlos"]
[Black "Cruz Estrada, Filemon"]
[Result "0-1"]
[WhiteElo "2175"]
[BlackElo "2397"]
[PlyCount "58"]
[EventDate "2006.08.23"]
[EventType "swiss"]
[EventRounds "9"]
[EventCountry "ESP"]
[Source "lmi"]
[SourceDate "2006.08.23"]

1. d4 d6 2. Bf4 Nf6 3. e3 g6 4. h3 Bg7 5. Nf3 O-O 6. Bc4 c5 7. c3 Nbd7 8. a4 b6
9. O-O Bb7 10. Re1 a6 11. Nbd2 Qc7 12. e4 e5 13. dxe5 Nxe5 14. Bf1 Rfe8 15. Qb3
Nh5 16. Bxe5 dxe5 17. Ng5 Re7 18. Nc4 h6 19. Nxf7 Rxf7 20. Nxb6 Raf8 21. Bc4
Nf4 22. Rad1 Kh7 23. Bxf7 Rxf7 24. f3 Qe7 25. Kh2 Bc6 26. Nc8 Qg5 27. g3 Nh5
28. Qxf7 Qxg3+ 29. Kh1 Nf4 0-1

[Event "14. Opent Internacional de Mislata"]
[Site "Mislata ESP"]
[Date "2006.08.27"]
[Round "6.10"]
[White "Alvarez Ibarra, Rafael"]
[Black "Sanchez Romero, Miguel Angel"]
[Result "1/2-1/2"]
[WhiteElo "2396"]
[BlackElo "2208"]
[PlyCount "33"]
[EventDate "2006.08.23"]
[EventType "swiss"]
[EventRounds "9"]
[EventCountry "ESP"]
[Source "lmi"]
[SourceDate "2006.08.23"]

1. Nf3 Nf6 2. c4 g6 3. b4 Bg7 4. Bb2 O-O 5. g3 d5 6. cxd5 Qxd5 7. Nc3 Qh5 8. h3
Ne4 9. Qc1 Nd6 10. Rb1 Nc6 11. b5 Nd4 12. Nxd4 Bxd4 13. Bg2 Be6 14. e3 Bg7 15.
Ne2 Bc4 16. Nf4 Qf5 17. Bxg7 1/2-1/2

[Event "14. Opent Internacional de Mislata"]
[Site "Mislata ESP"]
[Date "2006.08.27"]
[Round "6.11"]
[White "Ivanov, Jordan"]
[Black "Jordan Arenas, Manuel"]
[Result "1-0"]
[WhiteElo "2370"]
[BlackElo "2149"]
[PlyCount "84"]
[EventDate "2006.08.23"]
[EventType "swiss"]
[EventRounds "9"]
[EventCountry "ESP"]
[Source "lmi"]
[SourceDate "2006.08.23"]

1. d4 g6 2. e4 d6 3. Nf3 Nf6 4. Nc3 Bg7 5. h3 O-O 6. Be3 a6 7. a4 b6 8. Be2 Bb7
9. Nd2 c5 10. d5 e6 11. Nf3 exd5 12. exd5 Nbd7 13. O-O b5 14. axb5 axb5 15.
Rxa8 Qxa8 16. Nxb5 Nxd5 17. Bc1 Qb8 18. c3 h6 19. Re1 Rd8 20. Bf1 Nf8 21. Nh2
Bc6 22. Ng4 Kh7 23. Na3 f5 24. Nh2 Nf6 25. Nc4 d5 26. Ne5 Ba8 27. Nd3 Qa7 28.
Be3 d4 29. cxd4 cxd4 30. Bf4 Qb7 31. Nf3 Ne4 32. Be5 Ne6 33. Bxg7 Kxg7 34. Qa4
N6g5 35. Nxg5 Nxg5 36. f3 Nxf3+ 37. gxf3 Qxf3 38. Qa7+ Kg8 39. Re2 Qg3+ 40. Bg2
Qxd3 41. Re7 Bd5 42. Rg7+ Kf8 1-0

[Event "14. Opent Internacional de Mislata"]
[Site "Mislata ESP"]
[Date "2006.08.27"]
[Round "6.12"]
[White "Kovacevic, Slobodan"]
[Black "Carrascoso Morales, Abel"]
[Result "0-1"]
[WhiteElo "2340"]
[BlackElo "2134"]
[PlyCount "142"]
[EventDate "2006.08.23"]
[EventType "swiss"]
[EventRounds "9"]
[EventCountry "ESP"]
[Source "lmi"]
[SourceDate "2006.08.23"]

1. d4 Nf6 2. Nf3 d6 3. Bf4 g6 4. e3 Bg7 5. h3 O-O 6. Be2 Nbd7 7. c4 Ne4 8. Qc2
f5 9. Bd3 e5 10. dxe5 dxe5 11. Bxe4 exf4 12. Bd5+ Kh8 13. O-O fxe3 14. Nc3 Qf6
15. Nh2 c6 16. Bf3 exf2+ 17. Rxf2 Ne5 18. Be2 Be6 19. Ne4 Qe7 20. Nd2 Rad8 21.
Kh1 Qb4 22. Bf1 Qc5 23. Nb3 Qe7 24. Re1 Qc7 25. Qc1 Bg8 26. Qf4 Qb8 27. Qh4 Bf6
28. Qh6 Nxc4 29. Bxc4 Bxc4 30. Nf3 Qg3 31. Qe3 b6 32. Rc2 Bd5 33. Nbd4 f4 34.
Qg1 Bg7 35. Rf1 Bxf3 36. Nxf3 c5 37. Rd1 Bd4 38. Qf1 g5 39. Re2 Be3 40. Ree1 h5
41. Qc4 g4 42. Ng5 gxh3 43. Nxh3 f3 44. Qc3+ Rd4 45. Qc2 fxg2+ 46. Qxg2 Qxg2+
47. Kxg2 Rxd1 48. Rxd1 Bd4 49. Rd2 Kg7 50. Nf4 Kh6 51. Ne2 Rd8 52. Kf3 Bf6 53.
Rc2 Kg5 54. b3 h4 55. Nf4 Rd1 56. Rf2 Rb1 57. Ke4 Re1+ 58. Kf3 Bd4 59. Nh3+ Kf5
60. Rc2 Re3+ 61. Kg2 Rg3+ 62. Kh2 Kg4 63. Nf2+ Kf3 64. Nh3 b5 65. Rd2 Ke3 66.
Rc2 Kd3 67. Rc1 Kd2 68. Rf1 c4 69. bxc4 bxc4 70. Nf4 c3 71. Ne6 Be3 0-1

[Event "14. Opent Internacional de Mislata"]
[Site "Mislata ESP"]
[Date "2006.08.27"]
[Round "6.13"]
[White "Capella Jimenez, Jose"]
[Black "Gomez Jurado, Luis Alberto"]
[Result "0-1"]
[WhiteElo "2093"]
[BlackElo "2333"]
[PlyCount "46"]
[EventDate "2006.08.23"]
[EventType "swiss"]
[EventRounds "9"]
[EventCountry "ESP"]
[Source "lmi"]
[SourceDate "2006.08.23"]

1. d4 Nf6 2. c4 c5 3. d5 b5 4. a4 b4 5. Nd2 g6 6. b3 Bg7 7. Bb2 O-O 8. Qc2 d6
9. e4 e6 10. Bd3 Re8 11. Ne2 exd5 12. cxd5 Ba6 13. Bxa6 Nxa6 14. f3 Nc7 15. Nc4
Qe7 16. Kf2 Nd7 17. Bxg7 Kxg7 18. Qb2+ Kg8 19. g4 Nb6 20. Na5 Ncxd5 21. Nc6
Qh4+ 22. Ng3 Nc3 23. Qd2 d5 0-1

[Event "14. Opent Internacional de Mislata"]
[Site "Mislata ESP"]
[Date "2006.08.27"]
[Round "6.14"]
[White "Peña Riascos, Alexander"]
[Black "Sanchez Raboso, Vicente"]
[Result "1-0"]
[WhiteElo "2313"]
[BlackElo "2117"]
[PlyCount "87"]
[EventDate "2006.08.23"]
[EventType "swiss"]
[EventRounds "9"]
[EventCountry "ESP"]
[Source "lmi"]
[SourceDate "2006.08.23"]

1. d4 Nf6 2. c4 c5 3. d5 b5 4. cxb5 a6 5. bxa6 Bxa6 6. Nc3 g6 7. e4 Bxf1 8.
Kxf1 d6 9. Nf3 Bg7 10. g3 O-O 11. Kg2 Nbd7 12. Re1 Ng4 13. h3 Nge5 14. Nxe5
Nxe5 15. f4 Nd7 16. Re2 Qa5 17. Qd3 Rfb8 18. Rc2 Rb4 19. Bd2 Qb6 20. Rb1 Qa6
21. Qxa6 Rxa6 22. Kf3 Rb7 23. Ra1 Bd4 24. Nd1 f5 25. exf5 gxf5 26. Bc3 Nf6 27.
Bxd4 cxd4 28. Rc4 Nxd5 29. Rxd4 Nb4 30. Ne3 Kf7 31. a3 Nc6 32. Rd3 e5 33. Nxf5
Ke6 34. Rxd6+ Kf7 35. fxe5 Rb3+ 36. Ke4 Ra4+ 37. Nd4 Ne7 38. Rf1+ Ke8 39. Ra6
Rc4 40. Ra8+ Kd7 41. Rf7 Rb7 42. b4 h5 43. e6+ Kd6 44. Rd8+ 1-0

[Event "14. Opent Internacional de Mislata"]
[Site "Mislata ESP"]
[Date "2006.08.27"]
[Round "6.15"]
[White "Asensio Liñan, Teodoro"]
[Black "Morejon, Eduardo"]
[Result "1-0"]
[WhiteElo "2244"]
[BlackElo "2103"]
[PlyCount "31"]
[EventDate "2006.08.23"]
[EventType "swiss"]
[EventRounds "9"]
[EventCountry "ESP"]
[Source "lmi"]
[SourceDate "2006.08.23"]

1. e4 d5 2. exd5 Qxd5 3. Nc3 Qd6 4. d4 Nf6 5. Bd3 a6 6. Nf3 Nc6 7. O-O Bg4 8.
h3 Bh5 9. Ne4 Nxe4 10. Bxe4 e6 11. Re1 Be7 12. c3 O-O 13. b4 f5 14. Bc2 Rae8
15. Rxe6 Qd7 16. Qd3 1-0

[Event "14. Opent Internacional de Mislata"]
[Site "Mislata ESP"]
[Date "2006.08.28"]
[Round "7.1"]
[White "Cruz Sanchez, Cristhian"]
[Black "Torres Sanchez, Jose"]
[Result "1-0"]
[WhiteElo "2289"]
[BlackElo "2295"]
[PlyCount "111"]
[EventDate "2006.08.23"]
[EventType "swiss"]
[EventRounds "9"]
[EventCountry "ESP"]
[Source "lmi"]
[SourceDate "2006.08.23"]

1. c4 Nf6 2. d4 c5 3. d5 g6 4. Nc3 d6 5. e4 Bg7 6. Nf3 O-O 7. Bd3 e6 8. h3 exd5
9. cxd5 b5 10. Bxb5 Nxe4 11. Nxe4 Qa5+ 12. Nfd2 Qxb5 13. Nxd6 Qd3 14. N2c4
Qxd1+ 15. Kxd1 Ba6 16. Kc2 Rd8 17. Bg5 f6 18. Be3 Bf8 19. Bf4 Nd7 20. b3 Nb6
21. Rad1 Bxc4 22. Nxc4 Nxd5 23. Bd2 Kf7 24. a3 Ne7 25. Ba5 Rxd1 26. Rxd1 Nc6
27. Rd7+ Be7 28. Bc3 Rc8 29. Na5 Nxa5 30. Bxa5 a6 31. Kc3 Ke6 32. Rb7 Rc6 33.
Bb6 c4 34. b4 h5 35. Bd4 Bd6 36. a4 Bc7 37. Ra7 Kd5 38. b5 Ba5+ 39. Kc2 Re6 40.
Be3 Bb4 41. bxa6 Bc5 42. Rd7+ Kc6 43. a7 Re8 44. Rf7 Bxe3 45. fxe3 Kb6 46. e4
Ra8 47. Kc3 Kc5 48. a5 Kb5 49. a6 Kxa6 50. Kxc4 Re8 51. Kd5 Kb6 52. Kd6 Rg8 53.
Ke6 f5 54. e5 f4 55. Rxf4 Kxa7 56. Kf7 1-0

[Event "14. Opent Internacional de Mislata"]
[Site "Mislata ESP"]
[Date "2006.08.28"]
[Round "7.2"]
[White "Borges Mateos, Juan"]
[Black "Cabrera Pino, Alexis"]
[Result "0-1"]
[WhiteElo "2434"]
[BlackElo "2506"]
[PlyCount "56"]
[EventDate "2006.08.23"]
[EventType "swiss"]
[EventRounds "9"]
[EventCountry "ESP"]
[Source "lmi"]
[SourceDate "2006.08.23"]

1. Nf3 Nf6 2. c4 g6 3. g3 Bg7 4. Bg2 O-O 5. O-O c6 6. d4 d6 7. Nc3 Qa5 8. d5
Qa6 9. e4 Qxc4 10. Re1 Bg4 11. h3 Bxf3 12. Bxf3 Nbd7 13. Be3 Qb4 14. a3 Qa5 15.
b4 Qd8 16. Rc1 Rc8 17. h4 h5 18. Kg2 a6 19. Qa4 cxd5 20. exd5 Ng4 21. Bxg4 hxg4
22. Ne4 Ne5 23. Qb3 Qd7 24. Bg5 b5 25. Rxc8 Rxc8 26. Rc1 Rxc1 27. Bxc1 Qf5 28.
Qe3 Nc4 0-1

[Event "14. Opent Internacional de Mislata"]
[Site "Mislata ESP"]
[Date "2006.08.28"]
[Round "7.3"]
[White "Komljenovic, Davor"]
[Black "Huerga Leache, Mikel"]
[Result "1-0"]
[WhiteElo "2473"]
[BlackElo "2310"]
[PlyCount "67"]
[EventDate "2006.08.23"]
[EventType "swiss"]
[EventRounds "9"]
[EventCountry "ESP"]
[Source "lmi"]
[SourceDate "2006.08.23"]

1. c4 c6 2. d4 d5 3. Nf3 Nf6 4. Nc3 a6 5. c5 Bg4 6. Ne5 Bf5 7. Bf4 Nbd7 8. Nf3
Nh5 9. Be3 Bg4 10. g3 Nhf6 11. Qb3 Qc8 12. Na4 Ra7 13. Bf4 Qd8 14. h3 Bxf3 15.
exf3 g6 16. h4 Bg7 17. g4 O-O 18. O-O-O Ne8 19. Qe3 b5 20. cxb6 Nxb6 21. Nc5
Nd6 22. b3 Nd7 23. Nxd7 Rxd7 24. h5 Qa5 25. Kb1 Nb5 26. Bxb5 axb5 27. hxg6 hxg6
28. Be5 Ra8 29. Rd2 f6 30. Bf4 e5 31. dxe5 fxe5 32. Bxe5 Bxe5 33. Qxe5 Qxd2 34.
Rh8+ 1-0

[Event "14. Opent Internacional de Mislata"]
[Site "Mislata ESP"]
[Date "2006.08.28"]
[Round "7.4"]
[White "Vallejo Diaz, Jesus"]
[Black "Ibañez Aullana, Ramon"]
[Result "1-0"]
[WhiteElo "2265"]
[BlackElo "2337"]
[PlyCount "59"]
[EventDate "2006.08.23"]
[EventType "swiss"]
[EventRounds "9"]
[EventCountry "ESP"]
[Source "lmi"]
[SourceDate "2006.08.23"]

1. e4 c5 2. Nf3 e6 3. b3 d5 4. exd5 exd5 5. Bb5+ Bd7 6. Qe2+ Qe7 7. Bxd7+ Nxd7
8. d4 Ngf6 9. Be3 g6 10. Nbd2 Bg7 11. O-O O-O 12. Qb5 b6 13. Rae1 Qd6 14. c4 a6
15. Qa4 Ng4 16. dxc5 bxc5 17. cxd5 Nxe3 18. Rxe3 Qxd5 19. Nc4 Rab8 20. Qa5 Rfe8
21. Qxa6 Rxe3 22. Nxe3 Ra8 23. Qb5 Qe6 24. Rd1 Ra7 25. a4 h6 26. a5 Kh7 27. h3
Bc3 28. Nc4 Bf6 29. Rd6 Qe8 30. Nb6 1-0